Úlohy a postavenie ŠBČS v investičnej výstavbe záverečná práca postgraduálneho štúdia

Salvato in:
Dettagli Bibliografici
Autore principale: Domjen, Miroslav
Ente Autore: Vysoká škola ekonomická v Bratislave
Altri autori: Moravčík, Jozef
Natura: Libro
Lingua:slovacco
Pubblicazione: Bratislava 1988
Tags: Aggiungi Tag
Nessun Tag, puoi essere il primo ad aggiungerne!!

MARC

LEADER 00000nam a2200000 4500
001 c031833
005 20221219092514.3
041 0 |a slo 
044 |a SK 
245 1 0 |a Úlohy a postavenie ŠBČS v investičnej výstavbe  |b záverečná práca postgraduálneho štúdia  |c Miroslav Domjen ; Ved. práce Jozef Moravčík 
264 1 |a Bratislava  |c 1988 
300 |a 43 s. 
100 1 |a Domjen, Miroslav 
700 1 |a Moravčík, Jozef 
710 2 |a Vysoká škola ekonomická v Bratislave